Catalog

Record Details

Catalog Search



Unspeakable things : a novel  Cover Image Book Book

Unspeakable things : a novel / Jackie Warren Tatum.

Summary:

No Marriage is easy. The same was true of Renee and Samone's. Once high school sweethearts, they found themselves drifting apart, feeling trapped together, alone. Then, tragedy strikes and Renee is left crumbling under the weight of the guilt of not having been a good wife. Enter Silver, a smooth-talking, handome stranger with glistening foreams. Seeing Renee as vulnerablem, he strikes, catching his prey. Renee is left reeling from the renewed grief of losing her husband, now compounded with the devastation of a terrible encounter with a stranger.
A novel about love lost, danger found, and the slow road to self-discovery.

Record details

  • ISBN: 9781635053593
  • ISBN: 1635053595
  • Physical Description: 267 pages ; 18 cm
  • Publisher: Maitland, Florida : Mill City Press ; ©2016.
Subject: Crime thriller.
Genre: Romance fiction.

LDR 01493nam a2200277 a 4500
001143024
003CONS
00520170330081540.0
008170330s nyua 001 0 eng d
010 . ‡a201615532
020 . ‡a9781635053593 ‡q(paperback)
020 . ‡a1635053595 ‡q(paperback)
035 . ‡a(CPomAG)LMN598747
1001 . ‡aTatum, Jackie Warren.
24510. ‡aUnspeakable things : ‡ba novel / ‡cJackie Warren Tatum.
264 1. ‡aMaitland, Florida : ‡bMill City Press ; ‡c©2016.
300 . ‡a267 pages ; ‡c18 cm
336 . ‡atext ‡2rdacontent
337 . ‡aunmediated ‡2rdamedia
338 . ‡avolume ‡2rdacarrier
520 . ‡aNo Marriage is easy. The same was true of Renee and Samone's. Once high school sweethearts, they found themselves drifting apart, feeling trapped together, alone. Then, tragedy strikes and Renee is left crumbling under the weight of the guilt of not having been a good wife. Enter Silver, a smooth-talking, handome stranger with glistening foreams. Seeing Renee as vulnerablem, he strikes, catching his prey. Renee is left reeling from the renewed grief of losing her husband, now compounded with the devastation of a terrible encounter with a stranger.
520 . ‡aA novel about love lost, danger found, and the slow road to self-discovery.
650 0. ‡aCrime thriller.
655 0. ‡aRomance fiction.
959 . ‡i32269001141061 ‡lF Tat ‡aAdult - Fiction ‡tPaperback ‡g20.00
852 . ‡p32269001141061 ‡jF Tat ‡gAdult - Fiction ‡cPaperback ‡y20.00 ‡bSBPL
901 . ‡a143024 ‡bUnknown ‡c143024 ‡tbiblio

Additional Resources